LEADER 00590nab a2200145 i 4500 001 000000315527 003 CaOOAMICUS 005 20180831173152.0 008 180831n xx uu u0 0und r 013 $a24613 040 $aSeMil$bita 100 1 $aBellini, Enzo <1934-1981>.$0(OLS)http://semarc/name/22123 245 10$aIII incontro di studiosi dell'antichità cristiana (Roma - Augustinianum: 3 e 4 maggio 1974) 773 0 $t[Gennaio-Dicembre].$g805-806$w()273985 996 $6245$aIII incontro di studiosi dell'antichità cristiana (Roma - Augustinianum: 3 e 4 maggio 1974)$9(OLS)http://semarc/title/389572 LEADER 00927nam a2200217 i 4500 001 000000072261 003 CaOOAMICUS 005 20051013000000.0 008 051013s1963 it u000 u ita u 013 $a43433 040 $aSeMil$bita 100 1 $aZolo, Danilo.$0(OLS)http://semarc/name/16628 245 13$aIl personalismo rosminiano :$bstudio sul pensiero politico di Rosmini /$cDanilo Zolo. 260 $aBrescia :$bMorcelliana,$c1963. 300 $a332 p. ;$c23 cm. 500 $aContiene : Note Bibliografiche. 650 4$aRosmini, Antonio - Filosofia politica.$0(OLS)http://semarc/subject/13289 850 $aSeMil 852 $aSeMil$W1$xVenegono$y1$m2R IV 196$j38414$B38414$CSeMilBibl$Z2$F38417 $81 996 $6245$aIl personalismo rosminiano :$bstudio sul pensiero politico di Rosmini$9(OLS)http://semarc/title/116439 996 $6260$aBrescia :$bMorcelliana$9(OLS)http://semarc/publisher/29629